000 01378naa a22003497a 4500
001 BR8105923
003 BR-BrBNA
005 20250716171946.0
007 ta
008 250630b bl.|||m| |||| 00| 0 por d
040 _aBR-BrBNA
_bpor
_cBiblioteca Nacional de Agricultura
041 _a(Pt)
072 _aF40; K20; P20
_b/G514
090 _aF40 BR8105923
100 1 _aBrazao, J.E.M.
100 1 _aAraujo, A.P. de
245 1 _aFolha SD. 24 Salvador, 4 - Vegetacao: as regioes fitoecologicas, sua natureza e seus recursos economicos, estudo fitogeografico [Bahia, Brasil]
500 _aFolha SD. 24 Salvador; geologia, geomorfologia, pedologia, vegetacao e uso potencial da terra Rio de Janeiro, RJ (Brasil): 1981. p. 405-464 [16 illus.; 49 ref.; Summaries (En, Pt)] (BR8105923-AMS)
773 0 _tFolha SD. 24 Salvador; geologia, geomorfologia, pedologia, vegetacao e uso potencial da terra
_wF40 BR8105923
_gRio de Janeiro, RJ (Brasil), 1981. p. 405-464
650 _aVEGETACAO
650 _aCERRADO
650 _aFLORESTA
650 _aBIOGEOGRAFIA
650 _aDISTRIBUICAO GEOGRAFICA
650 _aRECURSO NATURAL
650 _aINVENTARIO FLORESTAL
650 _aSALVADOR
650 _aBAHIA
490 _aLevantamento de Recursos Naturais - Projeto RADAMBRASIL (Brazil)
_vv. 24
942 _cAMS
_2AGRIS
909 _a202506
_bLúcia
_c55
_dLúcia Elande
999 _c333841
_d333841